000 00598nam a2200217Ia 4500
003 BUBTL
008 151213s9999 xx 000 0 und d
020 _a0-03-098367-3
082 _a658.83/ C4754m/ 1996
100 _aChurchill G.A.
_91318
245 _aMarketing Research
_cG.A.Churchill
250 _a3rd
260 _aNew York
_bDryden
_c1996
300 _a[xvii],863p. :
_bill, Graph, Table 25cm.
500 _aIncludes Index.
650 _aMarketing
_92523
700 _aG.A.Churchill
_92522
856 _k0
_l0
_yDownload
942 _2ddc
_cBK
999 _c1777
_d1777